Historia universal de la danza / (Registro nro. 136409)

Detalles MARC
000 -LEADER
campo de control de longitud fija 00608nam a2200193 4500
001 - NÚMERO DE CONTROL
campo de control 136409
003 - IDENTIFICADOR DE NÚMERO DE CONTROL
campo de control ES-MaACL
007 - CAMPO FIJO DE DESCRIPCIÓN FÍSICA--INFORMACIÓN GENERAL
campo de control de longitud fija t|
008 - DATOS DE LONGITUD FIJA--INFORMACIÓN GENERAL
campo de control de longitud fija 070214s1944 ag r ||||1| spa d
100 1# - ENTRADA PRINCIPAL--NOMBRE DE PERSONA
Nombre de persona Sachs, Curt.
9 (RLIN) 101247
245 10 - MENCIÓN DEL TÍTULO
Título Historia universal de la danza /
Mención de responsabilidad, etc. Curt Sachs ; traducción de Adolfo E. Jascalevich.
260 ## - PUBLICACIÓN, DISTRIBUCIÓN, ETC.
Lugar de publicación, distribución, etc. Buenos Aires :
Nombre del editor, distribuidor, etc. Centurión,
Fecha de publicación, distribución, etc. 1944.
300 ## - DESCRIPCIÓN FÍSICA
Extensión 505 p., 33 lám. :
Otras características físicas il. ;
Dimensiones 28 cm.
490 1# - MENCIÓN DE SERIE
Mención de serie Col. arte
700 1# - ENTRADA AGREGADA--NOMBRE PERSONAL
Nombre de persona Jascalevich, Adolfo E.
9 (RLIN) 66147
830 00 - PUNTO DE ACCESO ADICIONAL DE SERIE-TÍTULO UNIFORME
Título uniforme Colección arte
9 (RLIN) 189462
852 ## - LOCALIZACIÓN
Ubicación ES-MaACL
Número de control de estantería B-1769
Sublocalización o colección R.27075
Existencias
Estatus retirado Estado de pérdida Estado de daño No para préstamo Biblioteca de origen Biblioteca actual Ubicación en estantería Fecha de adquisición Fuente de adquisición Total de préstamos Signatura topográfica completa Código de barras Visto por última vez Precio de reemplazo Tipo de ítem Koha
        Biblioteca del Ateneo de Madrid Biblioteca del Ateneo de Madrid Sala Pardo Bazán 17/01/2008     B-1769 1141966 23/02/2023 23/02/2023 Libro impreso